• 首页
  • 本馆介绍
  • 公告通知
  • 最新文献
  • 馆藏检索
  • 电子资源
  • 读者导购
  • 参考咨询
  • 我的图书馆
  • 登录
  • 详细信息显示
  • 放入我的书架
  • 预约/预借图书
  • 作者相关作品
  • 分类相关作品
  • 丛书相关作品
  • 出版社相关作品

书目信息

  • 表格格式
  • 工作单格式
  • 卡片格式
题名:
生态学野外综合实习指导
    
 
作者: 章家恩
分册:  
出版信息: 北京   中国环境科学出版社  2012
页数: 186
开本: 26cm
丛书名:
单 册:
中图分类: Q14-33
科图分类:
主题词: 生物学:生态学
电子资源:
ISBN: 7-5111-1087-9
000 00555nam0 2200181 450
001 1735846483
005 20170410095726.48
010    @a7-5111-1087-9
100    @a20170410d km y0chiy0120 ea
101 0  @achi
200 1  @a生态学野外综合实习指导@Asheng tai xue ye wai zong he shi xi zhi dao@f章家恩@Fzhang jia en
210    @a北京@c中国环境科学出版社@d2012
215    @a186@d26cm
606 0  @a生物学:生态学
690    @aQ14-33@v4
701  0 @a章家恩@Azhang jia en
801  0 @aCN@b大连网信软件有限公司图书馆·11@c20170410
905    @b6604191@dQ14-33@en3@f1
    
    生态学野外综合实习指导/章家恩.-北京:中国环境科学出版社,2012
    186;26cm
    
    
    ISBN 7-5111-1087-9:
    
●
相关链接 在E读中查询图书 在五车中查询图书 在当当中查询图书 在豆瓣中查询图书


正题名:生态学野外综合实习指导     索取号:Q14-33/n3         预约/预借

序号 登录号 条形码 馆藏地/架位号 状态 备注
1 6604191   266041918   密集书库-生命科学系/ [索取号:Q14-33/n3] 在馆    
唐山师范学院图书馆 欢迎您!
大连网信软件有限公司© 版权所有